00695naa a2200145 i 45000010005000000030009000050050017000140080039000310400021000701000129000912450176002207730125003969420013005219990015005348940KOSZ 00520180427154520.0140903s1977 pl f |000 0 pol cBPKdKOSZ 005/EG1 aBIL, Tadeusz.d1974 - 1996.bWyższa Szkoła Inżynierska w Koszalinie - Wydział Mechaniczny,cZakład Technologii Maszyn10aРычажный механизм :bавторское свидетельство СССР № 561040 /cТ. Биль, Ф. Л. Литвин, Ю. З. Тененбаум.0 iW :tОфициальный бюллетень "Изобретения. Полезные модели". -g1977, nr 21 cART2UKD c8940d8940